000 00613nam a22002177a 4500
003 UA-OsUOA
001 65123
007 ta
008 20091116b un ||||| |||| 00| 0 ukr d
090 _a012(092)
_bЮ71
942 _cBK
040 _aUA-OsUOA
_bukr
_cUA-OsUOA
_dUA-OsUOA
245 _aЮрій Макарович Березанський
_cВ. І. Горбачук
300 _a159 с.
955 _a1
041 _aukr
080 _a012(092)
260 _aК.
_bНАН України
_c2007
650 7 _a01 Бібліографія і бібліографії. Каталоги
_2UDC
999 _c351238
_d351238